000 00306nam a2200121Ia 4500
008 190216s9999||||xx |||||||||||||| ||und||
100 _aGangadharan Nair N
245 2 _aA Mirror Of Modern Prose
260 _bUniversity Of Calicut
_c1998
300 _a99p
650 _aModern Indian History
942 _cBK
999 _c14168
_d14168